Deleuze, Borges y las paradojas /

I tiakina i:
Ngā taipitopito rārangi puna kōrero
Kaituhi matua: Pérez Bernal, Rosario (autor)
Ētahi atu kaituhi: Bacarlett Pérez, María Luisa (autor) (autor)
Hōputu: Pukapuka
Reo:Pāniora
I whakaputaina: Toluca, México : Barcelona, España : Universidad Autónoma del Estado de México ; Gedisa, copyright fecha no identificada
Ngā marau:
Ngā Tūtohu: Tāpirihia he Tūtohu
Kāore He Tūtohu, Me noho koe te mea tuatahi ki te tūtohu i tēnei pūkete!

MARC

LEADER 00000nam^a2200000^a^4500
001 000399540
005 20250521000000.0
009 20260310121555.794
020 |a 978-607-422-820-5 
020 |a 978-84-16919-58-1 
037 |a Acervo ITESO - Biblioteca 
041 |a ESP 
082 |a 165.  |b PER 
100 |a Pérez Bernal, Rosario  |e (autor) 
245 1 0 |a Deleuze, Borges y las paradojas /  |c R. Pérez Bernal, M.L. Bacarlett Pérez. 
264 4 |a Toluca, México :  |b Universidad Autónoma del Estado de México ;  |a Barcelona, España :  |b Gedisa,  |c copyright fecha no identificada 
300 |a 234 p. 
336 |a texto  |b txt  |2 rdacontenido 
337 |a sin mediación  |b n  |2 rdamedio 
338 |a volumen  |b nc  |2 rdasoporte 
521 |a FIL 2017 EEnlace Desarrollo Educativo 
649 |a XX 
650 |a Paradojas -  |x Tema Principal 
650 |a Lógica 
650 |a Filosofía 
650 |a Deleuze, Gilles -  |x Tema Principal 
650 |a Borge, Tomás -  |x Tema Principal 
700 |a Bacarlett Pérez, María Luisa  |e (autor) 
910 |a Fondo General 
920 |a Impresos - Libros 
930 |a Colección General 
905 |a 101 
901 |a 0500294552  |b IT1  |c ACC  |i c158318  |u 20250521 
902 |a https://opac.biblio.iteso.mx/vufind/Record/000399540